00954nam a2200205 i 4500001000700000003000900007005001700016007000300033008004100036100003600077245025900113260008600372300002100458502003700479600006400516600002500580655003500605710006600640852004200706190043ES-MaACL20260216063026.0t|200310s1973 sp |||| | spa d1 aLorda Alaiz, F. M., d1918-199211aCarles Riba, doble traductor de la "Odisea" : banálisis y motivaciones : estudio comparativo, en confrontación con el original, de las dos traducciones (1919 y 1948) de la "Odisea", por el poesta catalán Carles Riba / cpor Felipe Mª Lorda Alaiz. aBarcelona : b[Universidad, Facultad de Filosofía y Letras], c1973 (fVernet.) a10 p. ; c24 cm. aTesis-Univ. Barcelona (Extracto)17aRiba, Carles, d1893-1959- xCrítica e interpretación204aHomero. tLa Odisea. aTesis y escritos académicos 2 aUniversidad de Barcelona. bFacultad de Filosofía y Letras.4 aES-MaACLjP-1415 (38)bR-68610cDEPO2